Mon top 10 opening anime - Statistiques

Statistiques générales
  • Ce quiz a été pris 7 fois
  • Le résultat moyen est 2 sur 10
Statistiques - réponses
Hink Réponse % Correct
TOP 5 black catcher
75%
TOP 4 again
50%
TOP 1 brave shine
25%
TOP 10 rumbling
25%
TOP 3 sono chi no sadame
25%
TOP 8 daddy daddy do
0%
TOP 2 hadaka no yusha
0%
TOP 7 hikarunara
0%
TOP 6 kiss of death
0%
TOP 9 river
0%
Aucun quiz correspondant
Distribution des résultats
% des personnes avec chaque résultat
Percentile par nombre de réponses
Votre historique - résultats
Vous n’avez pas pris ce quiz